| 000 | 00571nam a2200193Ia 4500 | ||
|---|---|---|---|
| 003 | OSt | ||
| 005 | 20240925121741.0 | ||
| 008 | 190216s9999||||xx |||||||||||||| ||und|| | ||
| 020 | _a9780521686887 | ||
| 040 | _coclc | ||
| 082 |
_a628.5 _bHAR/I |
||
| 100 |
_aHarrison, R M _94232 |
||
| 245 | 0 |
_aIntroductory Chemistry For The Environmental Sciences / _cR M Harrison ; S J De Mora |
|
| 250 | _a2nd Ed. | ||
| 260 |
_bCambridge Uty Press, _c1996. |
||
| 300 | _a373p | ||
| 650 | _aChemistry-Chemistry | ||
| 942 |
_cBK _2ddc _h628.5 _iHAR/I _k628.5 _mHAR/I |
||
| 999 |
_c3112 _d3112 |
||